| 000 | 00707nam a2200193 a 4500 | ||
|---|---|---|---|
| 001 | 000029459 | ||
| 005 | 20200930055551.0 | ||
| 008 | 110415s2009 dr a 000 0 spa d | ||
| 020 | _a9789945870244 | ||
| 040 |
_aDO-SdBNP _bspa _cBNPHU |
||
| 082 |
_axxx _bG216r |
||
| 100 | 1 |
_aGarcía Alba, María, _d1961- _956328 |
|
| 245 | 1 | 0 |
_aReflexión en la oración, el perdón, la humillación y la restauración / _cMaría García Alba. |
| 260 |
_aSan Francisco de Macorís : _bRinosa, _c2009. |
||
| 300 |
_a68 p. : _bil. ; _c22 cm. |
||
| 500 | _aIncluye datos biográficos de la autora en la solapa de la contracubierta | ||
| 590 | _aLa biblioteca posee 3 ejemplares autografiados por la autora. | ||
| 049 | _aBNPD | ||
| 999 |
_c28951 _d28951 |
||